Biopotraviny a faktory ovplyvňujúce ich nákup

Guardado en:
Detalles Bibliográficos
Autor principal: Urblíková, Daniela
Formato: Capítulo de libro
Lenguaje:eslovaco
inglés
Etiquetas: Agregar Etiqueta
Sin Etiquetas, Sea el primero en etiquetar este registro!

MARC

LEADER 00000nla a2200000 4500
001 0175749
005 20240527102024.5
041 0 |a slo 
041 0 |a eng 
044 |a SK 
245 1 0 |a Biopotraviny a faktory ovplyvňujúce ich nákup  |c Daniela Urblíková 
500 |a Abstrakt 
100 1 |a Urblíková, Daniela